000
00322 a2200145 4500
001
155990
040
_c
Escola São Tomás de Aquino
100
_a
ARAGÃO, Nilo Sérgio Silva
240
1
0
_a
Filosofia
_l
por
245
1
0
_a
Filosofia
300
_a
56
362
0
_a
2017
697
_a
FILOSOFIA E PSICOLOGIA
942
_c
BK
999
_c
155990
_d
155990